| 000 | 00573nam a2200217 a 4500 | ||
|---|---|---|---|
| 005 | 20210219152934.0 | ||
| 008 | 991125n 000 0 spa u | ||
| 035 | _aUPN01000067822 | ||
| 222 | _aCOGNITIVA | ||
| 245 | _aCognicion musical : relaciones entre música y lenguaje | ||
| 260 | _aMadrid, España | ||
| 300 | _a63-87 | ||
| 362 | _a2000 Vol. 12, no. 1 | ||
| 653 | 0 | _aCOGNUICION MUSICAL | |
| 653 | 0 | _aFONOLOGIA MUSICAL | |
| 653 | 0 | _aLENGUAJE | |
| 653 | 0 | _aMEMORIA | |
| 700 | 0 | 2 | _aGOMEZ-ARIZA, Carlos J., coaut. |
| 904 |
_aAC _b005633 |
||
| 905 | _aArticulo | ||
| 999 |
_c64204 _d64204 |
||